Videojuegos de Pokémon más Vendidos - Estadísticas

Estadísticas generales
  • Esta prueba ha sido intentada 167 veces
  • La puntuación promedio es 5 de 10
Estadísticas de respuestas
Número de Vendas Juego % Correcto
31,37 M Pokémon Rojo y Azul
86%
16,45 M Pokémon X / Y
77%
26,02 M Pokémon Espada y Escudo
47%
15,64 M Pokémon Blanco y Negro
46%
16,18 M Pokémon Sol y Luna
44%
23,23 M Pokémon Escarlata y Púrpura
41%
17,67 M Pokémon Diamante y Perla
39%
23,73 M Pokémon Oro y Plata
36%
16,22 M Pokémon Rubí y Zafiro
36%
15,07 M Pokémon: Let's Go, Pikachu! / Let's Go, Eevee!
31%
No se encontraron pruebas coincidentes
Distribución de puntuación
Porcentaje de gente con cada puntuación
Porcentaje por número respondido
Historial de tus puntuaciones
No has intentado esta prueba.